[Event "IECC KO-5036"]
[Site "IECC email"]
[Date "2005.02.16"]
[Round "?"]
[White "Zarate, Miguel"]
[Black "Blackshaw, Graham"]
[Result "1-0"]
[WhiteElo "1387"]
[BlackElo "1081"]
[PlyCount "39"]
[EventDate "2003.??.??"]
[EventType "match (corr)"]
[EventRounds "2"]
[SourceTitle "Corr 2020"]
[Source "ChessBase"]
[SourceDate "2019.09.30"]
[SourceVersion "1"]
[SourceVersionDate "2019.09.30"]
[SourceQuality "1"]
[WhiteTeam "Argentina"]
[BlackTeam "Canada"]
[WhiteTeamCountry "ARG"]
[BlackTeamCountry "CAN"]

1. d4 Nf6 2. c4 d6 3. Nf3 g6 4. Nc3 Bg7 5. Bg5 h6 6. Bh4 g5 7. Bg3 Nbd7 8. e3 0-0 9. Bd3 Re8 10. 0-0 e5 11. dxe5 dxe5 12. Qc2 b6 13. Rad1 Bb7 14. Ne4 Nh5 15. c5 Nxg3 16. fxg3 f5 17. c6 Bxc6 18. Qxc6 fxe4 19. Bxe4 Re7 20. Qxa8 1-0

[Event "IECC KO-5042"]
[Site "IECC email"]
[Date "2005.02.04"]
[Round "?"]
[White "Manis, Jose"]
[Black "Blackshaw, Graham"]
[Result "1-0"]
[WhiteElo "1644"]
[BlackElo "1082"]
[PlyCount "57"]
[EventDate "2004.??.??"]
[EventType "match (corr)"]
[EventRounds "2"]
[SourceTitle "Corr 2020"]
[Source "ChessBase"]
[SourceDate "2019.09.30"]
[SourceVersion "1"]
[SourceVersionDate "2019.09.30"]
[SourceQuality "1"]
[WhiteTeam "United States"]
[BlackTeam "Canada"]
[WhiteTeamCountry "USA"]
[BlackTeamCountry "CAN"]

1. Nf3 Nf6 2. c4 d6 3. g3 e5 4. Bg2 g6 5. 0-0 Bg7 6. Nc3 0-0 7. d3 c6 8. Bd2 h6 9. b4 Nh5 10. Qc1 Kh7 11. Rb1 f5 12. b5 f4 13. e3 g5 14. exf4 exf4 15. Re1 Bg4 16. bxc6 Nxc6 17. h3 Bc8 18. g4 Nf6 19. Nb5 a6 20. Nbd4 Nxd4 21. Nxd4 Nxg4 22. hxg4 Bxd4 23. Bxb7 Bxb7 24. Rxb7+ Kg8 25. c5 d5 26. Ree7 Rc8 27. Qe1 Rf6 28. Rg7+ Kf8 29. Bc3 1-0

[Event "IECC Swiss-458.3"]
[Site "IECC email"]
[Date "2004.08.17"]
[Round "?"]
[White "Mathes, Christian"]
[Black "Blackshaw, Graham"]
[Result "1-0"]
[WhiteElo "1253"]
[BlackElo "1108"]
[PlyCount "31"]
[EventDate "2004.??.??"]
[EventType "swiss (corr)"]
[EventRounds "1"]
[SourceTitle "Corr 2020"]
[Source "ChessBase"]
[SourceDate "2019.09.30"]
[SourceVersion "1"]
[SourceVersionDate "2019.09.30"]
[SourceQuality "1"]
[WhiteTeam "Germany"]
[BlackTeam "Canada"]
[WhiteTeamCountry "GER"]
[BlackTeamCountry "CAN"]

1. d4 Nf6 2. c4 d6 3. Nc3 g6 4. g3 Bg7 5. Bg2 0-0 6. Nf3 Re8 7. 0-0 Nbd7 8. e4 c5 9. e5 dxe5 10. dxe5 Ng4 11. e6 fxe6 12. Ng5 Nde5 13. Qe2 Qd4 14. Nb5 Qd8 15. Rd1 Nd3 16. Rxd3 1-0

[Event "IECC KO-1037"]
[Site "IECC email"]
[Date "2003.11.10"]
[Round "?"]
[White "Blackshaw, Graham"]
[Black "Blanque, Antonio Sanchez"]
[Result "0-1"]
[WhiteElo "1080"]
[BlackElo "1033"]
[PlyCount "60"]
[EventDate "2003.??.??"]
[EventType "match (corr)"]
[EventRounds "2"]
[SourceTitle "Corr 2020"]
[Source "ChessBase"]
[SourceDate "2019.09.30"]
[SourceVersion "1"]
[SourceVersionDate "2019.09.30"]
[SourceQuality "1"]
[WhiteTeam "Canada"]
[BlackTeam "Spain"]
[WhiteTeamCountry "CAN"]
[BlackTeamCountry "ESP"]

1. c4 Nf6 2. g3 e6 3. Bg2 d5 4. cxd5 Nxd5 5. Nf3 c5 6. Nc3 Nc6 7. e4 Ndb4 8. 0-0 Be7 9. Ne1 0-0 10. d3 e5 11. a3 Na6 12. Nd5 Nd4 13. f4 f6 14. Nf3 Bg4 15. h3 Nxf3+ 16. Bxf3 Bxh3 17. Bg2 Bc8 18. f5 Nc7 19. Kf2 Nxd5 20. exd5 Bxf5 21. Rh1 Rc8 22. Be4 Bxe4 23. dxe4 g6 24. Qg4 f5 25. Qd1 Bg5 26. exf5 Rxf5+ 27. Kg2 Bxc1 28. Rxc1 e4 29. Qb3 Qxd5 30. Qxd5+ Rxd5 0-1

[Event "IECC KO-1024"]
[Site "IECC email"]
[Date "2003.11.05"]
[Round "?"]
[White "Blackshaw, Graham"]
[Black "Van Gimst, Herman"]
[Result "0-1"]
[WhiteElo "1089"]
[BlackElo "1060"]
[PlyCount "98"]
[EventDate "2003.??.??"]
[EventType "match (corr)"]
[EventRounds "2"]
[SourceTitle "Corr 2020"]
[Source "ChessBase"]
[SourceDate "2019.09.30"]
[SourceVersion "1"]
[SourceVersionDate "2019.09.30"]
[SourceQuality "1"]
[WhiteTeam "Canada"]
[BlackTeam "Netherlands"]
[WhiteTeamCountry "CAN"]
[BlackTeamCountry "NED"]

1. c4 Nf6 2. g3 e5 3. Bg2 d5 4. cxd5 Nxd5 5. Nc3 Nb6 6. Nf3 Nc6 7. 0-0 Bc5 8. e3 0-0 9. a3 f6 10. b4 Bd6 11. Qb3+ Kh8 12. d4 Re8 13. d5 Ne7 14. Nd2 Bd7 15. Bb2 f5 16. Ne2 e4 17. f3 Bb5 18. Rf2 Nexd5 19. fxe4 Ba4 20. Qd3 Nxb4 21. axb4 Bxg3 22. Qxd8 Bxf2+ 23. Kxf2 Rexd8 24. Bd4 fxe4 25. Nxe4 Bc6 26. Ng5 Rf8+ 27. Kg3 Bxg2 28. Kxg2 h6 29. Ne6 Rf7 30. N2f4 Kh7 31. h4 Nc4 32. Kf2 Re8 33. Ke2 Nd6 34. Rg1 Ree7 35. Rxg7+ Rxg7 36. Nxg7 Rxg7 37. Bxg7 Kxg7 38. Ne6+ Kf6 39. Nxc7 Ke5 40. Kf3 h5 41. b5 Nf5 42. e4 Nxh4+ 43. Ke3 Ng2+ 44. Kf3 Nf4 45. Na8 h4 46. b6 h3 47. Kg3 a5 48. Nc7 Kxe4 49. Nb5 Kd5 0-1